[Event "Holiday Invitational-GM 2019"]
[Site "Charlotte"]
[Date "2019.12.27"]
[Round "2.4"]
[White "Sinha, Sahil"]
[Black "Balakrishnan, Praveen"]
[Result "0-1"]
[WhiteElo "2296"]
[BlackElo "2466"]
[Annotator "TA"]
[PlyCount "104"]
[EventDate "2019.12.26"]
[EventType "tourn"]
[EventCountry "USA"]
[SourceTitle "playchess.com"]
[Source "ChessBase"]
[SourceQuality "1"]

{[%evp 25,104,56,64,54,75,72,106,14,20,28,24,12,16,-6,-7,-307,-222,-288,-238,-253,-257,-293,-279,-252,-267,-735,-435,-380,-389,-369,-355,-429,-435,-445,-424,-419,-398,-1041,-1041,-997,-982,-867,-670,-643,-658,-650,-635,-644,-609,-725,-734,-715,-730,-709,-631,-605,-519,-1075,-1065,-1024,-967,-29979,-29980,-29980,-29981,-29997,-29981,-29978,-29978,-29978,0,-29979,-29980,-29980,-29981,-29980,-29981,-29988,-29983,-29989,-29990]} 1. d4 Nf6 2. c4 g6 3. Nc3 Bg7 4. e4 d6 5. Be2 O-O 6. Nf3 e5 7. O-O Nc6 8. d5 Ne7 9. Ne1 Nd7 10. Be3 f5 11. f3 f4 12. Bf2 g5 13. Rc1 Rf6 14. Nd3 {E99: King's Indian: Classical Main Line: 9 Ne1 Nd7 10 f3 f5} Rh6 (14... b6 15. b4 a6 16. c5 Rh6 17. cxd6 cxd6 18. g4 fxg3 19. hxg3 Ng6 20. Kg2 Nf6 21. Rh1 Rxh1 22. Kxh1 {1-0 (43) So,W (2744)-Vocaturo,D (2584) Bergamo 2014}) 15. c5 a6 16. c6 (16. Na4 $16) 16... bxc6 $11 17. dxc6 Nf8 18. Nb4 Kh8 19. Qa4 $146 ({Predecessor:} 19. Ncd5 Nfg6 20. Rc3 Nxd5 21. Nxd5 Ne7 {0-1 (38) Diermair,A (2431)-Kotronias,V (2580) Legnica 2013}) 19... Qe8 {Hoping for ...Qh5.} 20. Nbd5 $2 {[%mdl 8192]} (20. Kh1 $1 $11 {and White has nothing to worry.}) 20... Qh5 $19 {[%csl Gh6][%cal Rh5h2]} ({Don't take} 20... Nxd5 21. Nxd5 (21. exd5 $2 Qh5 $19) 21... Qh5 22. h4 $19) 21. h4 Nxd5 22. Nxd5 {[#]} Ng6 $1 $40 {[%cal Rg6h4][%mdl 128] Black is out for blood.} 23. g3 {Black must now prevent g4.} fxg3 24. Bxg3 Nf4 25. Rc2 $2 (25. Qd1 Nxd5 26. exd5 gxh4 27. Bh2) 25... Nxd5 26. exd5 gxh4 27. Bh2 Bf5 28. Rc4 Bh3 {Threatens to win with ...Qg5+.} 29. Rf2 Qg5+ 30. Kh1 Rg6 {aiming for ...Bg2+.} 31. f4 $2 (31. Rg4 Bxg4 32. fxg4) 31... Bg2+ {[%mdl 64] Double Attack} 32. Kg1 exf4 33. Rcxf4 Bxd5+ 34. Kf1 Bg2+ 35. Ke1 Re8 36. Qxa6 Bxb2 37. Qc4 {White hopes to continue with Rf8+.} Bg7 {Strongly threatening ...Qa5+.} 38. Kd1 Bd5 39. Qc2 Qe7 40. Qd2 Bg8 41. Bh5 (41. Bd3 $142 Re6 42. Re2) 41... Qe5 {( -> ...Qa1+)} 42. Bxg6 Qa1+ 43. Kc2 Qxa2+ 44. Kc1 Qa3+ 45. Kc2 Qb2+ 46. Kd1 Bb3+ 47. Bc2 Qb1+ 48. Qc1 {[#]} Re1+ $1 {[%mdl 576] Skewer, Deflection. Black mates.} 49. Kxe1 Qxc1+ 50. Ke2 Qxc2+ 51. Kf1 Bc4+ 52. Kg2 Qg6+ {Accuracy: White = 33%, Black = 85%.} 0-1

[Event "Holiday Invitational-GM 2019"]
[Site "Charlotte"]
[Date "2019.12.27"]
[Round "2.5"]
[White "Iotov, Valentin"]
[Black "Mishra, Abhimanyu"]
[Result "1-0"]
[WhiteElo "2516"]
[BlackElo "2397"]
[Annotator "TA"]
[PlyCount "79"]
[EventDate "2019.12.26"]
[EventType "tourn"]
[EventCountry "USA"]
[SourceTitle "playchess.com"]
[Source "ChessBase"]
[SourceQuality "1"]

{[%evp 22,79,39,27,27,22,49,46,31,43,66,46,43,53,36,32,115,26,72,78,79,36,38,0,87,74,95,97,104,60,52,34,82,68,29,15,12,20,16,0,105,106,109,105,29986,29987,29987,29988,29988,431,29989,29990,29990,29989,29993,29994,29995,29996,29996,828]} 1. c4 Nf6 2. Nf3 g6 3. Nc3 d5 4. cxd5 Nxd5 5. Qb3 Nb6 6. d4 Bg7 7. e4 O-O 8. Be3 Bg4 9. Rd1 e6 10. Be2 Nc6 11. Ng1 Bxe2 12. Ngxe2 Qe7 {D99: Grünfeld: Russian System: 7 e4 Bg4 8 Be3 Nfd7 9 Qb3} 13. O-O Rfd8 14. e5 Qb4 {White is slightly better.} 15. Qc2 $1 {[#]} a5 $146 ({Predecessor:} 15... h6 16. a3 Qc4 17. Rc1 Nd5 18. Nxd5 Qxc2 19. Nf6+ Bxf6 20. Rxc2 Bg7 21. Rfc1 Rd7 22. g4 {½-½ (22) Ponomariov,R (2744)-Vachier Lagrave,M (2715) Wijk aan Zee 2011}) 16. a3 Qc4 17. b3 Qa6 18. Bg5 Rdc8 (18... Rd7 $14) 19. Ne4 (19. Rd3 $16) 19... Nd5 20. N2c3 Nce7 21. Nxd5 Nxd5 22. Rd3 Qc6 (22... c5 $11 {keeps the balance.} 23. Rc1 (23. dxc5 Bxe5 24. Qd2 Rc7 $11) 23... b6) 23. Qd2 $16 Qe8 24. h4 Qf8 25. a4 h6 26. Bf6 Bxf6 27. exf6 Kh7 28. Rg3 Qb4 29. Qd3 {And now h5! would win.} Kh8 30. Rd1 Rab8 {[#]} (30... Qf8 $11 {remains equal.}) 31. h5 $1 {[%mdl 512]} g5 {[#]} (31... gxh5 32. Rg7) 32. Rxg5 $1 $40 {[%mdl 640] aiming for Rg7. White has strong attack.} hxg5 $4 {[%mdl 8192]} ({Don't go for} 32... Nf4 $2 33. Qc2 $18) (32... Rg8 $16 33. Rxg8+ Rxg8) 33. Nxg5 {[%csl Gg5][%cal Rd3h7]} Nxf6 34. Nxf7+ Kg7 35. Qg6+ Kf8 {intending ...Ke7.} 36. Ng5 {[%csl Gg5][%cal Rg6f7] White mates.} Qe7 37. Rd3 Re8 38. h6 Qd7 39. Qxf6+ Kg8 40. h7+ {Accuracy: White = 65%, Black = 44%.} 1-0

[Event "Holiday Invitational-GM 2019"]
[Site "Charlotte"]
[Date "2019.12.28"]
[Round "3.1"]
[White "Balakrishnan, Praveen"]
[Black "Jacobson, Brandon"]
[Result "0-1"]
[WhiteElo "2466"]
[BlackElo "2472"]
[Annotator "TA"]
[PlyCount "104"]
[EventDate "2019.12.26"]
[EventType "tourn"]
[EventCountry "USA"]
[SourceTitle "playchess.com"]
[Source "ChessBase"]
[SourceQuality "1"]

{[%evp 30,104,18,26,51,0,0,0,0,0,0,0,0,0,0,20,11,8,23,0,0,0,0,0,0,0,0,0,0,0,0,-43,-21,-22,-16,-98,-77,-86,-85,-98,-89,-193,-161,-551,-538,-847,-913,-1096,-1131,-1096,-1051,-3287,-2982,-2270,-1363,-3364,-3253,-2469,-2118,-2081,-1918,-6153,-5417,-1891,-2202,-12842,-12843,-12845,-12844,-12845,-12845,-12845,-12846,-29988,-29989,-29989,-29952]} 1. e4 c5 2. Nf3 Nc6 3. d4 cxd4 4. Nxd4 Nf6 5. Nc3 d6 6. Bg5 e6 7. Qd2 a6 8. O-O-O Bd7 9. f4 Be7 10. Nf3 b5 11. Bxf6 gxf6 12. f5 Qb6 13. Kb1 O-O-O 14. g3 Kb8 15. fxe6 fxe6 16. Bh3 Na5 {B69: Sicilian: Richter-Rauzer: 7...a6 8 0-0-0 Bd7 9 f4 Be7 10 Nf3 b5 11 Bxf6} 17. Nd4 (17. b3 $14) 17... b4 $1 $11 {[%cal Rb4c3]} 18. Nce2 e5 $1 {The position is equal.} 19. Bxd7 Rxd7 20. Nf5 Nc4 21. Qd3 Rc8 22. Nc1 (22. Ka1 Bf8 23. b3 Na3 24. c4 bxc3 25. Nxc3 {½-½ (64) Navara,D (2734)-Saric,I (2681) Patras 2019}) 22... a5 23. Rhe1 a4 $146 ({Predecessor:} 23... Rdc7 24. Nb3 {1-0 (49) Mohammad Fahad,R (2278)-Zia,T (1981) Dhaka 2019}) 24. Ne3 Nxe3 $40 {[%mdl 128] White needs to defend precisely.} 25. Qxe3 Qc6 26. Re2 d5 27. exd5 Rxd5 28. Rxd5 Qxd5 29. Qb6+ (29. Qh6 {looks sharper.} a3 30. bxa3 bxa3 31. Re3 Rc7 32. Rb3+) 29... Qb7 30. Qxb7+ (30. Qe3 {is interesting.} Rc7 31. Qh6 Qh1 32. Qxh7 Rd7 33. c3) 30... Kxb7 {[%mdl 4096] Endgame KRB-KRN} 31. Re4 Bd6 32. g4 {[#]} (32. Rh4 $11) 32... h5 $1 $17 {[%mdl 512]} 33. h3 (33. gxh5 f5) 33... hxg4 34. hxg4 Rh8 35. b3 (35. c3 $17) 35... Rh4 $19 36. Rc4 $2 (36. Re1 {is a better chance.}) 36... a3 37. c3 Rh2 $1 {[%cal Rh2b2]} 38. Nd3 bxc3 39. b4 Kb6 40. Rxc3 {[#]} e4 $1 {[%cal Re4d3]} 41. Nc5 {[#]} Rb2+ $1 42. Kc1 Bf4+ 43. Kd1 Rd2+ 44. Ke1 e3 45. Kf1 Rf2+ 46. Kg1 Rxa2 47. Nd3 e2 48. Rb3 Be3+ 49. Kh1 Rd2 {( -> ...a2)} 50. Ne1 {[#]} Rd1 $1 51. Rxe3 Rxe1+ 52. Kg2 a2 {Accuracy: White = 32%, Black = 91%.} 0-1

[Event "Holiday Invitational-GM 2019"]
[Site "Charlotte"]
[Date "2019.12.28"]
[Round "3.2"]
[White "Steingrimsson, Hedinn"]
[Black "Iotov, Valentin"]
[Result "1-0"]
[WhiteElo "2530"]
[BlackElo "2516"]
[Annotator "TA"]
[PlyCount "73"]
[EventDate "2019.12.26"]
[EventType "tourn"]
[EventCountry "USA"]
[SourceTitle "playchess.com"]
[Source "ChessBase"]
[SourceQuality "1"]

{[%evp 26,73,30,27,39,29,41,0,0,8,25,33,36,32,66,73,73,69,65,19,114,79,106,98,102,82,104,87,84,95,87,80,77,78,113,50,927,965,1426,1379,2643,2391,1946,1799,5883,4970,29974,29974,5675,779]} 1. d4 d5 2. c4 e6 3. Nc3 Bb4 4. a3 Bxc3+ 5. bxc3 b6 6. cxd5 exd5 7. e3 Nf6 8. Bd3 O-O 9. Ne2 c5 10. O-O Ba6 11. f3 Re8 12. Ng3 Bxd3 13. Qxd3 Nc6 14. Bb2 h5 {E49: Nimzo-Indian: Rubinstein: 5 Bd3 d5 6 a3 Bxc3+ 7 bxc3} (14... c4 15. Qe2 h5 16. Qf2 b5 17. Rae1 h4 18. Nf5 h3 19. Qg3 g6 20. e4 hxg2 21. Qxg2 Kh8 22. Ng3 Ne7 {1-0 (36) Le,Q (2708)-Aleksandrov,A (2577) Khanty-Mansiysk 2019}) 15. Rae1 g6 16. Rf2 Rc8 $146 {The position is equal.} ({Predecessor:} 16... Re6 17. e4 h4 18. Nf1 Nh5 19. Qd2 Na5 20. Bc1 Nb3 21. Qd3 Nxc1 22. Rxc1 Qg5 23. Qd2 Nf4 24. g3 hxg3 25. hxg3 Nh3+ 26. Kg2 dxe4 27. fxe4 Qh5 28. Qe2 Nxf2 {0-1 (28) Sanchez Juncal,B-Caselas Cabanas,J (2315) La Coruna 1999}) 17. e4 cxd4 18. cxd4 h4 19. Nf1 dxe4 20. fxe4 {And now Qf3 would win.} Ne5 21. Qb1 Nc4 $1 {[%cal Rc4b2]} 22. Ba1 (22. e5 $5 {[%cal Rf2f6]} Nd5 23. Nd2 $14) 22... Nh5 ({Don't play} 22... Nxa3 $6 23. Qb3 $16) (22... h3 $11 {keeps the balance.}) 23. Qb3 Qd7 24. a4 a6 25. h3 b5 26. axb5 axb5 27. d5 Ra8 28. Qc3 {[%csl Ga1][%cal Rc3h8] [#]} Ne5 29. Nh2 b4 30. Qxb4 (30. Qd4 $16) 30... Ng3 $2 {[%mdl 8192]} (30... Nd3 $14 31. Qd4 Rxa1 32. Rxa1 Nxf2 33. Kxf2 Qd6) 31. Bxe5 $18 {Strongly threatening Ng4.} Rxe5 32. Ng4 Qe7 33. Nh6+ {[%mdl 64] [#] Double Attack} Kh8 34. Nxf7+ Kh7 35. d6 {[%cal Bd5d6,Bd6e7][%mdl 32]} Rxe4 36. dxe7 Rxb4 37. Nd6 {Accuracy: White = 68%, Black = 27%.} (37. Ng5+ $142 Kh6 38. Rf8) 1-0

[Event "Holiday Invitational-GM 2019"]
[Site "Charlotte"]
[Date "2019.12.28"]
[Round "3.3"]
[White "Korley, Kassa"]
[Black "Sinha, Sahil"]
[Result "1/2-1/2"]
[WhiteElo "2432"]
[BlackElo "2296"]
[Annotator "TA"]
[PlyCount "29"]
[EventDate "2019.12.26"]
[EventType "tourn"]
[EventCountry "USA"]
[SourceTitle "playchess.com"]
[Source "ChessBase"]
[SourceQuality "1"]

{[%evp 19,29,0,10,-11,0,0,-14,-20,-14,-12,0,0]} 1. d4 Nf6 2. c4 e6 3. Nc3 Bb4 4. Qc2 O-O 5. a3 Bxc3+ 6. Qxc3 d5 7. e3 b6 8. Nf3 Bb7 9. Be2 Nbd7 10. O-O c5 {The position is equal.} 11. b4 {E39: Nimzo-Indian: Classical: 4...c5 5 dxc5 0-0} (11. dxc5 Nxc5 12. b4 Nce4 13. Qb3 dxc4 14. Bxc4 Qc7 15. Bb2 Ng4 16. g3 Qe7 17. h3 Ngf6 18. Be2 Rac8 19. Rac1 Rfd8 20. Bd4 h6 21. Qb2 Bd5 22. Rxc8 Rxc8 23. Rc1 Rxc1+ 24. Qxc1 Qb7 25. Bxf6 {½-½ (25) Bareev,E (2675)-Ponomariov,R (2704) Khanty-Mansiysk 2005}) 11... Rc8 12. dxc5 Ne4 $146 ({Predecessor:} 12... bxc5 13. Bb2 Nb6 14. cxd5 Na4 15. Qb3 Nxb2 16. dxe6 {1-0 (36) Likavsky,T (2476)-Kurpiewski,S (2212) Warsaw 2009}) 13. Qb3 bxc5 14. Bb2 Nb6 15. Rfd1 1/2-1/2

[Event "Holiday Invitational-GM 2019"]
[Site "Charlotte"]
[Date "2019.12.28"]
[Round "3.4"]
[White "Wang, Justin"]
[Black "Kaliksteyn, Alexander"]
[Result "1/2-1/2"]
[WhiteElo "2454"]
[BlackElo "2381"]
[Annotator "TA"]
[PlyCount "84"]
[EventDate "2019.12.26"]
[EventType "tourn"]
[EventCountry "USA"]
[SourceTitle "playchess.com"]
[Source "ChessBase"]
[SourceQuality "1"]

{[%evp 21,84,56,69,74,83,83,71,73,90,33,33,6,14,11,37,52,94,84,85,86,92,90,85,87,91,81,91,83,129,124,153,152,198,152,152,152,152,152,190,152,152,116,110,110,111,94,106,95,137,111,131,114,144,94,157,124,116,111,116,74,134,118,141,90,146]} 1. e4 c5 2. Nf3 d6 3. d4 cxd4 4. Nxd4 Nf6 5. Nc3 g6 6. Be3 Bg7 7. f3 Nc6 8. Qd2 O-O 9. O-O-O d5 10. Qe1 e6 11. h4 Qc7 12. Ndb5 {B76: Sicilian Dragon: Yugoslav Attack, 9 g4 and 9 0-0-0} (12. exd5 Nxd5 13. Ndb5 Qe5 14. Bc5 Qxe1 15. Rxe1 Rd8 16. Nxd5 Rxd5 17. Be3 Rd7 18. Be2 a6 19. Nc3 b5 {1-0 (59) Harikrishna,P (2737)-Grandelius,N (2628) Germany 2015}) 12... Qb8 13. exd5 Nxd5 14. Nxd5 exd5 15. Bc5 (15. Qd2 $16) 15... Rd8 $14 16. Kb1 $146 ({Predecessor:} 16. Rxd5 Be6 17. Rxd8+ Qxd8 18. Bd3 a6 19. Nd6 Qf6 {1-0 (40) Desjardins,A (2101)-Masse,H Montreal 2000}) 16... d4 {[#] ...Be6 is the strong threat.} 17. Bc4 {Strongly threatening Bd6!} Bf5 {Hoping for ...a6.} 18. g4 $36 {[%mdl 2048] White fights for an advantage.} b6 {Threatens to win with ...Bxc2+!} 19. Bd6 Bxc2+ 20. Kxc2 Rxd6 21. Nxd6 Qxd6 22. Kb1 Ne5 23. Qe4 Rd8 24. Bd3 Nxd3 25. Rxd3 h6 26. h5 g5 27. Re1 Bf6 28. a3 Kg7 29. Rc1 Qd7 30. Qc6 Qe7 31. Ka2 Rd6 32. Qc7 {And now Qxe7 would win.} Qe6+ 33. Qc4 Qe7 34. Rd2 Qe5 35. Qb3 Rd7 36. Rd3 Re7 37. Rc6 Qh2 (37... b5 $142) 38. Rc2 Qd6 39. Qc4 Re6 40. a4 Qe5 ({Black should play} 40... Re1) 41. Qb3 Qd6 42. Rc1 (42. Rc8 $142) 42... Re2 {Accuracy: White = 46%, Black = 35%.} (42... Re8 $142) 1/2-1/2

[Event "Holiday Invitational-GM 2019"]
[Site "Charlotte"]
[Date "2019.12.28"]
[Round "3.5"]
[White "Mishra, Abhimanyu"]
[Black "Karthik Venkataraman"]
[Result "0-1"]
[WhiteElo "2397"]
[BlackElo "2470"]
[Annotator "TA"]
[PlyCount "122"]
[EventDate "2019.12.26"]
[EventType "tourn"]
[EventCountry "USA"]
[SourceTitle "playchess.com"]
[Source "ChessBase"]
[SourceQuality "1"]

{[%evp 9,134,19,21,0,35,1,10,8,0,-19,-27,-31,22,2,50,0,61,50,64,66,104,57,61,53,58,50,60,59,66,39,59,40,52,37,38,20,25,14,18,14,16,0,23,0,8,0,13,17,18,0,14,-23,-20,-22,-16,-12,-16,-28,0,-45,-44,-58,0,-31,-32,-38,-29,-58,-8,-25,-9,-16,-9,-12,0,-2,0,-40,-40,-40,-22,-114,-111,-104,-104,-118,-104,-150,-15,-15,-15,-85,-14,-92,-92,-93,-52,-104,-21,-25,-25,-129,-131,-874,-874,-949,-546,-29990,-29991,-29992,-29990,-29992,-6191,-1583,-742,-733,-729,-29962,-12766,-762,-762,-743,-732,-594,-587,-587,-565]} 1. e4 c5 2. Nf3 d6 3. d4 cxd4 4. Qxd4 Nf6 5. Be2 Nc6 6. Qe3 {B53: Sicilian: 2...d6: Lines with Qxd4} g6 7. h3 Bg7 8. O-O {The position is equal.} O-O 9. c4 Nd7 (9... b6 10. Rd1 Nd7 11. Nc3 Bb7 12. b3 Nb4 {0-1 (37) Anand,V (2764)-Vachier Lagrave,M (2775) Paris 2019}) 10. Nc3 b6 ({Better is} 10... Qb6 $15) 11. Rb1 $11 Bb7 12. b3 Rc8 $146 (12... Nc5 $11) ({Predecessor:} 12... Nde5) 13. Bb2 Nde5 14. Rfd1 Qc7 15. Rbc1 Nxf3+ 16. Bxf3 Ne5 17. Be2 Qc5 18. Qd2 Rfe8 19. a3 Qc6 20. Bf1 a6 21. a4 Rcd8 22. Re1 e6 23. Ba3 Nd7 24. b4 Qc7 25. f4 Qb8 26. Bd3 Bh6 {...d5 is the strong threat.} 27. Qf2 d5 28. e5 ({But not} 28. exd5 Qxf4 29. Qxf4 Bxf4 $15) 28... dxc4 29. Bxc4 Rc8 30. Ne4 Bxe4 31. Rxe4 b5 32. axb5 axb5 33. Bd3 Qa8 34. Rxc8 Rxc8 35. Bb2 Bf8 (35... Qa4 $15) 36. Qe2 Nb6 {[%cal Bd7b6,Bb6d5,Bd5b4][%mdl 32]} 37. Bxb5 Nd5 38. Bc4 Nxb4 39. Kh2 Bc5 40. Bd4 Be7 {And now ...Rxc4! would win.} 41. Bf2 Qa1 42. Be1 Rb8 43. Bxb4 Rxb4 44. Bd3 $1 Rb2 45. Qf1 (45. Qe1 $11 {remains equal.} Qa3 46. Re2) 45... Qa3 $1 $17 46. Rc4 Rd2 $36 {[%mdl 2048] Keeping White busy.} 47. Be4 Qe3 48. Rc2 Rd4 (48... Rxc2 $17 49. Bxc2 h5) 49. Re2 $11 Qa3 50. Qf3 (50. g3 $11) 50... Qa1 ({Black should play} 50... Qxf3 $17 51. gxf3 Bb4) 51. Qe3 (51. g3 $11) 51... Bc5 $17 52. Re1 Qa7 53. Qe2 {[#]} (53. g3 $15) 53... Qa4 ({Black should try} 53... Ra4 $1 $17) 54. Qf3 $1 $11 Rc4 55. Bc6 (55. g3 $11 {keeps the balance.}) 55... Qb4 $17 56. Re4 $2 {[%mdl 8192]} (56. Rf1 $17) 56... Qb1 $19 57. Kg3 Bd4 58. Qe2 Rc3+ 59. Kh4 Bb6 60. Qd2 Rxc6 (60... Rd3 $142 61. g4 Rxd2 62. f5 Qg1 63. Rd4 Qxd4 64. Bh1 Qf2+ 65. Kg5 {[#]} h6+ $1 {[%mdl 576] Deflection, Decoy} 66. Kxh6 Qh4#) 61. Rb4 {[#]} Qg1 {Played: Bb6-a5} 0-1

[Event "Holiday Invitational-GM 2019"]
[Site "Charlotte"]
[Date "2019.12.28"]
[Round "4.1"]
[White "Jacobson, Brandon"]
[Black "Korley, Kassa"]
[Result "1/2-1/2"]
[WhiteElo "2472"]
[BlackElo "2432"]
[Annotator "ChessBase"]
[PlyCount "113"]
[EventDate "2019.12.26"]
[EventType "tourn"]
[EventCountry "USA"]
[SourceTitle "playchess.com"]
[Source "ChessBase"]
[SourceQuality "1"]
[TimeControl "5400+30"]

1. Nf3 {[%emt 0:04:14]} Nf6 {[%emt 0:01:33]} 2. c4 {[%emt 0:00:08]} g6 {[%emt 0:01:36]} 3. b3 {[%emt 0:06:16]} Bg7 {[%emt 0:00:20]} 4. Bb2 {[%emt 0:00:05]} O-O {[%emt 0:01:08]} 5. g3 {[%emt 0:00:05]} d6 {[%emt 0:00:03]} 6. d4 {[%emt 0:00:07]} a5 {[%emt 0:24:44]} 7. Bg2 {[%emt 0:07:47]} c6 {[%emt 0:03:46]} 8. O-O {[%emt 0:03:17]} Bf5 {[%emt 0:00:03]} 9. Re1 {[%emt 0:06:25]} Qc7 {[%emt 0:04:20]} 10. Nbd2 {[%emt 0:06:49]} a4 {[%emt 0:00:57]} 11. e4 {[%emt 0:05:49]} Bg4 {[%emt 0:02:17]} 12. b4 {[%emt 0:01:56]} a3 {[%emt 0:00:32]} 13. Bc3 {[%emt 0:00:02]} e5 {[%emt 0:07:21]} 14. dxe5 {[%emt 0:03:38]} dxe5 {[%emt 0:00:06]} 15. c5 {[%emt 0:00:04]} Rd8 {[%emt 0:04:47]} 16. Qc2 {[%emt 0:00:54]} Nfd7 {[%emt 0:01:51]} 17. Nc4 {[%emt 0:13:22]} Be6 {[%emt 0:00:19]} 18. Bf1 {[%emt 0:02:35]} f6 {[%emt 0:01:52]} 19. Red1 {[%emt 0:06:30]} Na6 {[%emt 0:00:07]} 20. Qc1 {[%emt 0:10:09]} Bf8 {[%emt 0:11:47]} 21. Nxa3 {[%emt 0:01:56]} b6 {[%emt 0:01:25]} 22. cxb6 {[%emt 0:05:25]} Nxb6 {[%emt 0:00:06]} 23. Rxd8 {[%emt 0:01:46]} Qxd8 {[%emt 0:00:02]} 24. Nc2 {[%emt 0:00:12]} c5 {[%emt 0:05:19]} 25. b5 {[%emt 0:02:09]} Nb4 {[%emt 0:00:11]} 26. Nxb4 {[%emt 0:01:45]} cxb4 {[%emt 0:00:03]} 27. Bd2 {[%emt 0:00:04]} Rxa2 {[%emt 0:09:57]} 28. Rxa2 {[%emt 0:01:49]} Bxa2 {[%emt 0:00:02]} 29. Bxb4 {[%emt 0:00:06]} Bxb4 {[%emt 0:00:31]} 30. Qb2 {[%emt 0:00:02]} Bc5 {[%emt 0:03:16]} 31. Qxa2+ {[%emt 0:00:07]} Kg7 {[%emt 0:00:01]} 32. Kg2 {[%emt 0:00:07]} Nc8 {[%emt 0:03:31]} 33. h4 {[%emt 0:03:27]} Nd6 {[%emt 0:00:25]} 34. Nd2 {[%emt 0:01:32]} Qb6 {[%emt 0:00:44]} 35. Nc4 {[%emt 0:00:22]} Nxc4 {[%emt 0:00:03]} 36. Bxc4 {[%emt 0:00:05]} Qd6 {[%emt 0:01:35]} 37. Bd5 {[%emt 0:01:40]} Bb6 {[%emt 0:00:04]} 38. Qe2 {[%emt 0:01:24]} Qc5 {[%emt 0:00:18]} 39. h5 {[%emt 0:00:08]} gxh5 {[%emt 0:01:16]} 40. Be6 {[%emt 0:00:17]} Kf8 {[%emt 0:02:13]} 41. Bf5 {[%emt 0:00:30]} Kg7 {[%emt 0:03:02]} 42. Bd7 {[%emt 0:00:16]} Qd4 {[%emt 0:00:43]} 43. Be8 {[%emt 0:02:12]} h4 {[%emt 0:00:52]} 44. gxh4 {[%emt 0:00:05]} f5 {[%emt 0:01:13]} 45. Bc6 {[%emt 0:00:05]} Kf6 {[%emt 0:01:11]} 46. Bb7 {[%emt 0:04:14]} f4 {[%emt 0:01:38]} 47. Bc8 {[%emt 0:00:07]} h5 {[%emt 0:00:44]} 48. Bf5 {[%emt 0:00:41]} Kg7 {[%emt 0:00:34]} 49. Qc2 {[%emt 0:01:08]} Bc5 {[%emt 0:00:03]} 50. Be6 {[%emt 0:00:28]} Qd6 {[%emt 0:02:11]} 51. Bf5 {[%emt 0:00:12]} Qd4 {[%emt 0:00:05]} 52. Qe2 {[%emt 0:00:40]} Bb6 {[%emt 0:00:05]} 53. Qf1 {[%emt 0:00:16]} Qd2 {[%emt 0:00:33]} 54. Qg1 {[%emt 0:00:23]} Kf8 {[%emt 0:00:24]} 55. Qf1 {[%emt 0:00:38]} Kg7 {[%emt 0:01:46]} 56. Qg1 {[%emt 0:00:44]} Kf8 {[%emt 0:00:04]} 57. Qf1 {[%emt 0:00:33]} 1/2-1/2

[Event "Holiday Invitational-GM 2019"]
[Site "Charlotte"]
[Date "2019.12.28"]
[Round "4.2"]
[White "Kaliksteyn, Alexander"]
[Black "Mishra, Abhimanyu"]
[Result "1/2-1/2"]
[WhiteElo "2381"]
[BlackElo "2397"]
[Annotator "NA"]
[PlyCount "23"]
[EventDate "2019.12.26"]
[EventType "tourn"]
[EventCountry "USA"]
[SourceTitle "playchess.com"]
[Source "ChessBase"]
[SourceQuality "1"]
[TimeControl "5400+30"]

1. d4 {[%emt 0:00:00]} Nf6 {[%emt 0:00:00]} 2. Nf3 {[%emt 0:00:00]} g6 {[%emt 0:00:00]} 3. Bf4 {[%emt 0:00:15]} Bg7 {[%emt 0:00:00]} 4. Nbd2 {[%emt 0:01:06]} d6 {[%emt 0:04:18]} 5. e4 {[%emt 0:01:14]} O-O {[%emt 0:03:36]} 6. c3 {[%emt 0:03:31]} b6 {[%emt 0:04:23]} 7. Bc4 {[%emt 0:03:32]} Bb7 {[%emt 0:04:42]} 8. Qc2 {[%emt 0:00:34]} d5 {[%emt 0:03:41]} 9. exd5 {[%emt 0:01:36]} Nxd5 {[%emt 0:00:05]} 10. Bg3 {[%emt 0:04:21]} Nd7 {[%emt 0:04:49]} 11. O-O {[%emt 0:01:11]} c5 {[%emt 0:08:53]} 12. Qb3 {[%emt 0:03:24]} 1/2-1/2